000 00605nam a2200229Ia 4500
003 OSt
005 20220928104006.0
006 a|||||r|||| 00| 0
007 ta
008 220927b |||||||| |||| 00| 0 eng d
024 _a36518
037 _cTextual
040 _aSDCL
_cSDCL
_beng
041 _2eng
_aeng
082 _aU8.247'M92, N8
100 _aEckenstein Oscar
_9408008
245 0 _aKarakorams amd Kashmir.
260 _aDelhi
_bShubhi Publications
_c1998
300 _a253p.
_ccm.
942 _hU8.247'M92, N8
_cTEXL
_2CC
999 _c723515
_d723515